| 000 | 00870nam a22002417a 4500 | ||
|---|---|---|---|
| 005 | 20231123111826.0 | ||
| 010 | _aENG-104538 ENG-138454 | ||
| 020 |
_a9789381626269 _c295.00 |
||
| 035 | _aEN-88071 EN-121986 | ||
| 035 | _aB-535565-574 | ||
| 035 | _aB-667447 | ||
| 037 | _bDBAD/PUB | ||
| 037 |
_bUBH/Ven _adpl |
||
| 082 | _aS | ||
| 100 |
_aJagannathan, Navneet _959013 |
||
| 245 | 0 | 0 |
_aTamasha in Bandargaon / _cby Navneet Jagannathan |
| 260 |
_aChennai _bTranquebar Press _c2011 |
||
| 270 |
_aVenkat Towers, 165, P.H. Road, Maduravoyal, _bChennai _e600095 |
||
| 300 |
_a324p. _c21cm (pbk) |
||
| 942 |
_2ddc _cEN _mJAG _hS |
||
| 999 |
_c60053 _d60053 |
||